000 00677nam a22002417a 4500
003 UA-OsUOA
001 99843
007 ta
008 20130520b un ||||| |||| 00| 0 ukr d
100 _aСтоун И.
090 _a821.111
_bС82
942 _cBK
040 _aUA-OsUOA
_brus
_cUA-OsUOA
_dUA-OsUOA
245 _aПроисхождение
_bРоман-биография Чарлза Дарвина
300 _a474 с.
_bІлюстрації
955 _a3
041 _arus
080 _a821.111
260 _aМ.
_bПолитиздат
_c1983
044 _aRU
650 7 _a82 Література. Літературознавство
_2UDC
999 _c386077
_d386077